Ant Man Trilogy Characters Quiz - Statistics

General Stats
  • This quiz has been taken 107 times
  • The average score is 20 of 40
Answer Stats
Hint Answer % Correct
The main character Ant Man
100%
Real name of above Scott Lang
98%
Ant Man’s partner Wasp
96%
The original Ant Man Hank Pym
91%
Above’s real name Hope Van Dyne
91%
Scott’s daughter Cassie Lang
89%
The original Wasp Janet Van Dyne
85%
Villain who can phase through walls Ghost
79%
Conqueror of the Quantum Realm Kang
76%
God of mischief Loki
73%
Above’s suit Yellowjacket
73%
Man Scott befriended in prison Luis
72%
Above’s real name Ava Starr
71%
Avenger who Scott fought Falcon
71%
CEO of Cross Technologies Darren Cross
68%
Above’s real name Sam Wilson
64%
Has a big head MODOK
56%
Scott’s ant Ant-thony
53%
FBI agent who watched over Scott Jimmy Woo
53%
TVA Agent Mobius
52%
SHIELD founder Howard Stark
44%
Scientist who tried helping Ava Bill Foster
42%
Cassie’s mother Maggie Lang
42%
Police officer and above’s partner Jim Paxton
41%
SHIELD founder Peggy Carter
41%
Kang variant who Loki saw Victor Timely
34%
Ava’s father Elihas Starr
32%
Ex-con Kurt
28%
Black market dealer Sonny Burch
28%
Ex-con Dave
27%
Kang variant Rama-Tut
26%
Baskin Robbins boss Dale
16%
Wants holes Veb
16%
Kang variant Scarlet Centurion
15%
Kang variant Immortus
14%
Leader of the Quantum Realm Resistance Jentorra
14%
Specialist in truth serum Uzman
14%
Telepath Quaz
12%
HYDRA agent Mitchell Carson
11%
Janet’s former lover Krylarr
5%
No matching quizzes found
Score Distribution
Percent of People with Each Score
Percentile by Number Answered
Your Score History
You have not taken this quiz